| 000 | 00510nam a2200181Ia 4500 | ||
|---|---|---|---|
| 003 | GCL | ||
| 008 | 140319s9999 xx 000 0 ara d | ||
| 040 |
_aGCL / _cGCL |
||
| 082 | 0 | 4 |
_a910.3 _bى م |
| 100 | 1 | _aيوسف تونى | |
| 245 | 1 | 0 |
_aمعجم المصطلحات الجغرافية / _cيوسف تونى |
| 260 |
_aالقاهرة : _bدار الفكر العربى |
||
| 300 | _a650 ص | ||
| 650 | 0 | 4 | _aالمعاجم |
| 650 | 0 | 4 | _aالجغرافيا |
| 650 | 0 | 4 | _aمصطلحات |
| 942 |
_2ddc _cBK |
||
| 999 |
_c59419 _d59419 |
||